Arte y percepción visual. Psicología del ojo creador.
Guardat en:
| Autor principal: | |
|---|---|
| Altres autors: | |
| Format: | Llibre |
| Publicat: |
Madrid, España:
Alianza,
2002.
|
| Edició: | Segunda edición en Alianza Forma. |
| Col·lecció: | Alianza Forma ;
|
| Matèries: | |
| Etiquetes: |
Afegir etiqueta
Sense etiquetes, Sigues el primer a etiquetar aquest registre!
|
MARC
| LEADER | 00000nam a22000007a 4500 | ||
|---|---|---|---|
| 003 | CL-VaPUC | ||
| 005 | 20250321101938.0 | ||
| 008 | 250130t2002 ||||| |||| 00| 0 spa d | ||
| 999 | |c 446934 |d 446932 | ||
| 020 | |a 978-84-206-7874-0 | ||
| 040 | |c Pontificia Universidad Católica de Valparaíso | ||
| 082 | 7 | |2 22 |a 701.15 ARN 2002 | |
| 100 | |9 584498 |a Arnheim, Rudolf |e autor | ||
| 245 | |a Arte y percepción visual. |b Psicología del ojo creador. | ||
| 250 | |a Segunda edición en Alianza Forma. |b Nueva Versión. | ||
| 260 | |a Madrid, España: |b Alianza, |c 2002. | ||
| 300 | |a 514 páginas. | ||
| 490 | |a Alianza Forma ; |n 3 | ||
| 500 | |a c.1-c.7. Instituto Arcos 8-1-2025. | ||
| 583 | |c 20250130 |k GC | ||
| 650 | 0 | |a Psicología del arte |9 265264 | |
| 650 | 0 | |a Percepción visual |9 267039 | |
| 700 | |a Balseiro, María Luisa |9 862496 |e traductora | ||
| 942 | |2 ddc |c BK |n 0 | ||
| 952 | |0 0 |1 0 |2 ddc |4 0 |6 701_150000000000000_ARN_2002 |7 0 |8 A |9 600142 |a BIBINC |b BIBINC |d 2025-01-30 |e Instituto Arcos |i 5665054 |l 3 |m 2 |o 701.15 ARN 2002 |p 5665054 |q 2025-05-25 |r 2025-04-25 |s 2025-04-25 |t 1 |w 2025-01-30 |y BK |k IFP | ||
| 952 | |0 0 |1 0 |2 ddc |4 0 |6 701_150000000000000_ARN_2002 |7 0 |8 A |9 600143 |a BIBINC |b BIBINC |d 2025-01-30 |e Instituto Arcos |i 5665055 |l 2 |m 1 |o 701.15 ARN 2002 |p 5665055 |r 2025-04-23 |s 2025-04-16 |t 2 |w 2025-01-30 |y BK |k IFP | ||
| 952 | |0 0 |1 0 |2 ddc |4 0 |6 701_150000000000000_ARN_2002 |7 0 |8 A |9 600145 |a BIBINC |b BIBINC |d 2025-01-30 |e Instituto Arcos |i 5665056 |l 3 |o 701.15 ARN 2002 |p 5665056 |r 2025-04-28 |s 2025-04-21 |t 3 |w 2025-01-30 |y BK |k IFP | ||
| 952 | |0 0 |1 0 |2 ddc |4 0 |6 701_150000000000000_ARN_2002 |7 0 |8 A |9 600146 |a BIBINC |b BIBINC |d 2025-01-30 |e Instituto Arcos |i 5665057 |l 3 |m 1 |o 701.15 ARN 2002 |p 5665057 |q 2025-04-29 |r 2025-04-15 |s 2025-04-15 |t 4 |w 2025-01-30 |y BK |k IFP | ||
| 952 | |0 0 |1 0 |2 ddc |4 0 |6 701_150000000000000_ARN_2002 |7 0 |8 A |9 600147 |a BIBINC |b BIBINC |d 2025-01-30 |e Instituto Arcos |i 5665058 |l 3 |m 1 |o 701.15 ARN 2002 |p 5665058 |r 2025-04-29 |s 2025-04-21 |t 5 |w 2025-01-30 |y BK |k IFP | ||
| 952 | |0 0 |1 0 |2 ddc |4 0 |6 701_150000000000000_ARN_2002 |7 0 |8 A |9 600148 |a BIBINC |b BIBINC |d 2025-01-30 |e Instituto Arcos |i 5665059 |l 2 |o 701.15 ARN 2002 |p 5665059 |r 2025-04-21 |s 2025-04-15 |t 6 |w 2025-01-30 |y BK |k IFP | ||
| 952 | |0 0 |1 0 |2 ddc |4 0 |6 701_150000000000000_ARN_2002 |7 0 |8 A |9 600149 |a BIBINC |b BIBINC |d 2025-01-30 |e Instituto Arcos |i 5665060 |l 4 |o 701.15 ARN 2002 |p 5665060 |r 2025-04-30 |s 2025-04-23 |t 7 |w 2025-01-30 |y BK |k IFP | ||